000 00764cab a2200229 4500
001 WB3435-32
008 090401t1998 xxu||||| |||| 00| 0 eng d
035 _a(Sirsi) u88521
041 _aeng
245 _aHome is where the job is
260 _c1998
350 _a0
490 _aIndependent
_v16 September 1998, 15(1)
520 _aDescribes how economic decline has left some councils with more houses then people resulting in extra pressure on their rent accounts and the rush of a downward spiral as it becomes more difficult for them to improve and maintain homes.
650 _aCOUNCIL HOUSING
650 _aEMPTY PROPERTY
650 _aLOCAL AUTHORITIES
650 _aRENT ACCOUNTS
690 _aHOUSING
942 _n0
948 _c16/09/1998
999 _c55937
_d55937